000 01359cam a2200385 i 4500
001 20225855
003 BJBSDDR
005 20240118131423.0
007 ta
008 171219s2012 sp b 000 0 spa
010 _a 2017060002
020 _a9788471126795 (pbk.)
020 _a8471126796 (pbk.)
040 _aDLC
_bspa
_cDLC
_erda
_dDLC
041 _aspa
_heng
042 _apcc
050 1 4 _aHD 78
_bG458d 2012
100 1 _aGifford, Clive,
_d1966-
_926458
240 1 0 _aSustainable development.
_lEspañol
245 1 4 _aDesarrollo sostenible /
_cpor Clive Gifford ; Traducción de Redactores de Red.
264 1 _aMadrid :
_bEdiciones Morata,
_c2012.
300 _a63 páginas :
_bilustraciones a color ;
_c24 cm
336 _atext
_btxt
_2rdacontent
337 _aunmediated
_bn
_2rdamedia
338 _avolume
_bnc
_2rdacarrier
490 1 _a¿Y tú?, ¿qué opinas?,
_v9
504 _aIncluye referencias bibliográficas e índice.
650 4 _aDesarrollo económico
_xHistoria
_92106
650 4 _aDesarrollo sostenible
_96529
650 4 _aProtección del medio ambiente
_92205
830 0 _aColección ¿Y tú?, ¿qué opinas?
_933866
906 _a7
_bcbc
_corignew
_d1
_eecip
_f20
_gy-gencatlg
942 _2lcc
_cBK
999 _c118443
_d118443